000 00349nam a2200133Ia 4500
008 240624s9999 xx 000 0 und d
041 _aeng
082 _a332.6323 BHA
100 _aBHARDWAJ GAUTAM
245 _aFUTURE OF THE INDIA S DEBT MARKET
260 _c1998
_aNew Delhi
_bTata McGrawhill
300 _axiii, : 258 : p. : cm. ; 24
365 _cRS
999 _c1020
_d1020